000 00372pab a2200157 454500
008 180718b2004 xxu||||| |||| 00| 0 eng d
100 _aLarner, Wendy
245 _aGlobalization as governmentality
260 _c2004
300 _ap.495-514.
362 _aNov-Dec
650 _aGlobalization
700 _aWalters, William
773 _aAlternatives
909 _a64217
999 _c64217
_d64217